| 000 | 01300cam a2200277 a 4500 | ||
|---|---|---|---|
| 001 | 84074 | ||
| 003 | BD-RjUL | ||
| 005 | 20241003131639.0 | ||
| 008 | 241002s2002 bg b 000 0 ara | ||
| 035 | _a(BD-RjUL)84074 | ||
| 040 |
_aDLC-R _cDLC-R _dDLC |
||
| 082 |
_223 _a181.07 _bMUA 2002 |
||
| 100 | 1 |
_aمخلص, الرحمن محمد ;; Mukhlesur Rahman, Muhammad _913700 |
|
| 245 | 1 | 0 |
_aأبو الحسن الأشعري : أثاره في علم الكلام : Abū al-Ḥasan al-Ashʻarī : 'atharah fi ilm alkalam / _cمحمد مخلص الرحمن ;;;; Muhammad Mukhlesur Rahman [Prepared and presented] _6F.M.I.H Taqi and Muhammad Belal Uddin ;;;; محمد بلال حسين ;;ايف -ايم- اي -ائيس- تقي |
| 250 | _aal-Ṭabʻah 1. | ||
| 260 |
_aRajshahi : _bIslamic Studies R.U., _c2002 |
||
| 300 |
_a266 p. ; _c28 cm. |
||
| 440 | 0 |
_aSilsilat ʻaqīdat al-salaf ; _v1 _913701 |
|
| 502 | _aPHD- Thesis- Islamic Studies R.U. | ||
| 504 | _aIncludes bibliographical references. | ||
| 600 | 1 | 0 |
_aAshʻarī, Abū al-Ḥasan ʻAlī ibn Ismāʻīl, _d873?-935?. _913702 |
| 650 | 0 |
_aIslam _xDoctrines. |
|
| 650 | 0 | _aIslamic philosophy. | |
| 700 |
_a Taqi, F.M.I.H and Belal Hussain, Muhammad ;;;; بلال حسين ;;ا- تقي _913703 |
||
| 942 |
_2ddc _cTHE |
||
| 999 |
_c84074 _d84074 |
||